000 01003nam0a2200277 4500
001 RU\NLR\bibl\547779
005 20260405132603.0
010 _a5-900312-95-X
_9750
021 _aRU
_b2004-41515
_92060
035 _a(NLR Aleph) 000539975
090 _a1406727
_c1406727
100 _a20040830d2000 |||y0rusy50 ca
101 0 _arus
102 _aRU
105 _aac |||||||||
200 1 _aБессмертники
_eПовесть
_fАлександр Косякин
210 _aРязань
_cРус. слово
_d2000
215 _a155, [4] с.
_cплан., портр.
_d21
686 _aШ9(2)62=Р7-4
700 1 _4070
_8rus
_7ca
_aКосякин
_bА. С.
_f1935-
_gАлександр Сидорович
_3RU\NLR\auth\7753410
_936342
801 0 _aRU
_bNLR
_c20040830
_gPSBO
801 1 _aRU
_bNLR
_c20040830
942 _cBOOK
980 _aNB